Culture Générale - Niveau par niveau - Statistiques

Statistiques générales
  • Ce quiz a été pris 267 fois
  • Le résultat moyen est 12 sur 20
Statistiques - réponses
Niveau Question Réponse % Correct
CE2 Combien font 10 × 10 ? 100
97%
CE1 Quel est l'infinitif du verbe dans la phrase "Je suis au magasin avec mes parents." Être
96%
CE1 Quelle saison précède le printemps et suit l'automne ? Hiver
96%
CP Comment se nomme le petit de la girafe ? Girafon
91%
CE2 Qui a été couronné Empereur en 800 ? Charlemagne
85%
4e Pour calculer la longueur d'un triangle rectangle,on utilise le Théorème de.... Pythagore
83%
5e Un angle incliné à 90º se nomme angle.... Droit
80%
3e De quel mouvement musical,apparu au début du XXème Siècle, Louis Armstrong est-il un des plus grands représentants ? Jazz
73%
6e 10 kilogrammes est égal à..... milligrammes. (Compléter) 10 000 000
71%
CM1 Comment appelle-t-on un polygone à 5 côtés ? Pentagone
71%
3e En 1929,quel pays connaît une grave crise économique ? Les États-Unis
64%
CP Je possède 12 billes. J'en donne 4 à un ami et j'en reçois 3 de sa part. Combien de billes ais-je maintenant ? 11 billes
60%
6e Quel est l'océan le plus vaste au monde ? Océan Pacifique
59%
5e Quelle est la capitale de l'Islande ? Reykjavik
59%
CM2 Quel Roi de France été surnommé « Saint-Louis » ? Louis IX
42%
CM1 Quel événement marque le début de la Renaissance ? Découverte de l'Amérique
32%
Seconde Avec la fonction affine,comment se nomme l'autre type de fonction ? Linéaire
28%
CM2 Combien de députés y a-t-il à l'Assemblée Nationale ? 577
22%
4e Avec le fer,de quel autre élément est composé le noyau terrestre ? Nickel
9%
Seconde Qui a peint le plafond de l'Opéra Garnier ? Marc Chagall
7%
Aucun quiz correspondant
Distribution des résultats
% des personnes avec chaque résultat
Percentile par nombre de réponses
Votre historique - résultats
Vous n’avez pas pris ce quiz